Normal view
MARC view
- US DEPTT OF TRANSPORTATION
Entry Corporate Name
001 - CONTROL NUMBER
- control field: 43812
003 - CONTROL NUMBER IDENTIFIER
- control field: NUST
005 - DATE AND TIME OF LATEST TRANSACTION
- control field: 20210314132804.0
008 - FIXED-LENGTH DATA ELEMENTS
- fixed length control field: 210314|| aca||aabn | a|a d
040 ## - CATALOGING SOURCE
- Original cataloging agency: NUST
- Transcribing agency: NUST
110 ## - HEADING--CORPORATE NAME
- Corporate name or jurisdiction name as entry element: US DEPTT OF TRANSPORTATION
670 ## - SOURCE DATA FOUND
- Source citation: Work cat.: (NUST): US DEPTT OF TRANSPORTATION, A USERS MANUAL FOR A MANAGEMENT CONTROL SYSTEM FOR STREET MAINTENANCE, 1977
